000 01042nam a2200265 a 4500
005 20180803164935.0
008 140303b1999 ir ||||fr|||| 10| 0 spa d
040 _aCO-BoIAVH
_cCO-BoIAVH
041 _aspa
082 0 4 _a333.91813
_bC76p
111 2 _aConferencia de las partes contratantes en la Convención sobre los Humedales (RAMSAR Irán, 1971)
_cSan José (Costa Rica)
_d1999, Mayo 10 al 18
_n7
_944767
245 1 0 _aSeptima reunión de la Conferencia de las partes contratantes en la Convención sobre los Humedales (RAMSAR Irán, 1971)
260 _aSan José:
_bRamsar,
_c1999.
300 _a3 vol. ;
_c30 x 21 cm.
611 2 _aConvención RAMSAR
_94263
650 6 _aHumedales
_944768
650 6 _aHumedales
_xLegislación
_944769
650 6 _aHumedales
_xUso sostenible
_944770
650 6 _aHumedales
_xEspecies invasoras
_944771
650 4 _aCooperación internacional
_944772
650 6 _aConservación de ecosistemas
_944773
650 6 _aPolítica ambiental
_944774
650 6 _aEcosistemas
_992256
942 _cLIBRO
_2ddc
999 _c1814
_d1814